000 00715nam a2200253Ia 4500
003 OSt
005 20220918164710.0
006 a|||||r|||| 00| 0
007 ta
008 220917b |||||||| |||| 00| 0 eng d
020 _a0710803400
024 _a29,259
037 _cTextual
040 _aARTS
_cARTS
_beng
041 _2eng
_aeng
082 _aO111,3:gN5, M2
100 _aKlaus H Gustav ed
_915529
245 0 _aSocialist novel in Britain
_b towards the recovery of a trasitions
260 _aSessex
_bharvester Press UK
_c1982
300 _aviii,190p.
_ccm.
650 _aENGLISH LITERATURE
942 _hO111,3:gN5, M2
_cTEXL
_2CC
999 _c125990
_d125990